Endowment of agricultural experiment stations. Hearing before the Committee on agriculture and forestry, United States Senate, Sixty-eighth Congress, second session, on H.R. 157, an act to authorize the more complete endowment of agricultural experiment stations and for other purposes. February 17, 1925.
Saved in:
| Corporate Author: | |
|---|---|
| Format: | Book |
| Language: | English |
| Published: |
Washington,
Govt. print. off.,
1925.
|
| Subjects: | |
| Tags: |
Add Tag
No Tags, Be the first to tag this record!
|
| LEADER | 01140nam a2200229I 4500 | ||
|---|---|---|---|
| 001 | 008564656-3 | ||
| 005 | 20020606104010.5 | ||
| 008 | 800426s1925 dcu f000 0 eng | ||
| 010 | |a 43020044 | ||
| 035 | 0 | |a ocm06249016 | |
| 040 | |a DLC |c CLE |d HLS | ||
| 043 | |a n-us--- | ||
| 050 | |a S541 |b .U65 1925 | ||
| 110 | 1 | |a United States. |b Congress. |b Senate. |b Committee on Agriculture and Forestry. | |
| 245 | 1 | 0 | |a Endowment of agricultural experiment stations. |b Hearing before the Committee on agriculture and forestry, United States Senate, Sixty-eighth Congress, second session, on H.R. 157, an act to authorize the more complete endowment of agricultural experiment stations and for other purposes. February 17, 1925. |
| 260 | |a Washington, |b Govt. print. off., |c 1925. | ||
| 300 | |a ii, 14 p. |c 23 cm. | ||
| 500 | |a George W. Norris, chairman. | ||
| 650 | 0 | |a Agricultural experiment stations |z United States. | |
| 776 | 0 | 8 | |i Online version: |a United States. Congress. Senate. Committee on Agriculture and Forestry. |t Endowment of agricultural experiment stations. |d Washington, Govt. Print. Off., 1925 |w (OCoLC)891586791 |
| 988 | |a 20020608 | ||
| 906 | |0 DLC | ||


